000 00700nam a2200205Ia 4500
003 GCL
008 140319s9999 xx 000 0 ara d
040 _aGCL /
_cGCL
082 0 4 _a418.1
_bل م
100 1 _aكرم زكى حسام الدين
245 1 0 _aالمحظورات اللغوية : دراسة دلالية للمستهجن والمحسن من الالفاظ /
_cكرم زكى حسام الدين
260 _a[S.N] :
_bمكتبة الانجلوالمصرية ،
_c1985
300 _a123 ص
490 _aالمكتبة اللغوية
_v0
650 0 4 _aاللغة العربية
650 0 4 _aالفاظ
650 0 4 _aاللهجات
650 0 4 _aالكلمات
942 _2ddc
_cBK
999 _c31659
_d31659